Loading...

Caste and colonial modernity: Reading Saraswativijayam

Bibliographic Details
Main Author: Dilip M. Menon
Format: Printed Book
Published: Studies in History 1997; 13; 291 1997
Subjects:
Online Access:http://10.26.1.76/ks/00823.pdf
LEADER 004780000a22001330004500
100 |a Dilip M. Menon 
245 |a Caste and colonial modernity: Reading Saraswativijayam 
260 |c 1997 
260 |b Studies in History 1997; 13; 291 
650 |a KERALA MALAYALAM LITERATURE HISTORY FICTION NOVEL POTHERI KUNHAMBU CHANDU MENON 
856 |u http://10.26.1.76/ks/00823.pdf 
942 |c KS 
999 |c 70211  |d 70211 
952 |0 0  |1 0  |4 0  |7 0  |9 62175  |a MGUL  |b MGUL  |d 2015-08-01  |l 0  |r 2015-08-01  |w 2015-08-01  |y KS